Compiler design in C
Guardat en:
| Autor principal: | |
|---|---|
| Format: | Llibre |
| Idioma: | anglès |
| Publicat: |
Englewood Cliffs
Prentice-Hall
1990
|
| Col·lecció: | Prentice-Hall Software Series
|
| Matèries: | |
| Etiquetes: |
Afegir etiqueta
Sense etiquetes, Sigues el primer a etiquetar aquest registre!
|
MARC
| LEADER | 00000nam a2200000 a 4500 | ||
|---|---|---|---|
| 001 | UCV5595 | ||
| 003 | CL-VaPUC | ||
| 008 | 920611e19900000US |||||||||||||||||eng|d | ||
| 082 | 0 | 4 | |a 005.453 |b HOL |2 21 |
| 100 | 0 | |a Holub, Allen I |e author |9 299901 | |
| 245 | 1 | 0 | |a Compiler design in C |
| 300 | |a 942 p | ||
| 942 | |c BK | ||
| 945 | |d 19920611 00:00:00 | ||
| 260 | |a Englewood Cliffs |b Prentice-Hall |c 1990 | ||
| 650 | 7 | |a COMPILADORES |2 CL-VaPUC |9 259529 | |
| 650 | 7 | |a PROGRAMAS PARA COMPUTADOR |2 CL-VaPUC |9 299902 | |
| 650 | 7 | |a C LENGUAJE DE PROGRAMACION PARA COMPUTADORES |2 CL-VaPUC |9 262392 | |
| 583 | |a last modification |c 20120516 11:24:44 |k Rodrigo Vera | ||
| 490 | 0 | |a Prentice-Hall Software Series | |
| 999 | |c 212054 |d 212052 | ||
| 952 | |0 0 |1 0 |4 0 |6 005_453000000000000_HOL_1990 |7 0 |8 A |9 192410 |a BIBING |b BIBING |d 2019-11-14 |i 2598604 |o 005.453 HOL 1990 |p 2598604 |r 2025-01-20 |w 2019-11-14 |y BK |k CCI | ||